| 000 | 00393nam a2200133Ia 4500 | ||
|---|---|---|---|
| 008 | 231129s9999||||xx |||||||||||||| ||spa|| | ||
| 020 | _a84-254-0783-4 | ||
| 040 | _bspa | ||
| 082 | _a370.15 L533 | ||
| 100 | _aLeitner Sebastián | ||
| 245 | 0 | _aAsí se aprende: Psicología aplicada del aprender-camino al éxito | |
| 264 | _aHerder | ||
| 942 |
_2ddc _cBKS |
||
| 999 |
_c5703 _d5703 |
||